[Event "FRA-chT3 Gr03 0304"]
[Site "Languedoc Roussillon"]
[Date "2003.12.07"]
[Round "3"]
[White "Grand, Philippe"]
[Black "Hutin, Christophe"]
[Result "0-1"]
[WhiteElo "1960"]
[BlackElo "2102"]
[PlyCount "74"]
[EventDate "2003.12.07"]
[EventType "team-tourn"]
[EventRounds "9"]
[EventCountry "FRA"]
[SourceTitle "EXT 2008"]
[Source "ChessBase"]
[SourceDate "2007.11.25"]
[SourceVersion "1"]
[SourceVersionDate "2007.11.25"]
[SourceQuality "1"]

1. c4 e5 2. g3 Nf6 3. Bg2 c6 4. d4 Bb4+ 5. Bd2 Bxd2+ 6. Qxd2 d6 7. Nc3 0-0 8. e3 Nbd7 9. Nge2 Re8 10. 0-0 Qe7 11. Rac1 Nf8 12. Rfd1 Ng6 13. d5 c5 14. a3 e4 15. Qc2 Bg4 16. h3 Bf3 17. Re1 Ne5 18. Rcd1 Nxc4 19. Bxf3 exf3 20. Nc1 Qe5 21. e4 Qh5 22. h4 Ne5 23. Nd3 Nxd3 24. Qxd3 Nd7 25. Qe3 a6 26. Nb1 Ne5 27. Nd2 b5 28. b3 Qg4 29. Rc1 h6 30. Rc3 b4 31. axb4 cxb4 32. Rc7 a5 33. Ra1 Rec8 34. Rac1 Rxc7 35. Rxc7 a4 36. bxa4 Rxa4 37. Kh2 Ra1 0-1

[Event "Toulouse CEIT op"]
[Site "Toulouse"]
[Date "2000.??.??"]
[Round "4"]
[White "Hutin, Christophe"]
[Black "Dezan, Pierre"]
[Result "1-0"]
[WhiteElo "2097"]
[BlackElo "2255"]
[PlyCount "67"]
[EventDate "2000.08.07"]
[EventType "swiss"]
[EventRounds "7"]
[EventCountry "FRA"]
[SourceTitle "EXT 2001"]
[Source "ChessBase"]
[SourceDate "2000.11.22"]
[SourceVersion "1"]
[SourceVersionDate "2000.11.22"]
[SourceQuality "1"]

1. b3 d6 2. Bb2 e5 3. e3 c5 4. d4 exd4 5. exd4 d5 6. Nf3 Nf6 7. Bb5+ Bd7 8. Qe2+ Be7 9. 0-0 0-0 10. Nbd2 Re8 11. Rfe1 a6 12. Bxd7 Nbxd7 13. h3 Rc8 14. Qd3 b5 15. dxc5 Nxc5 16. Qf5 Qd7 17. Nd4 Qxf5 18. Nxf5 Ne6 19. Rac1 Bb4 20. c3 Bf8 21. Nf3 g6 22. Ne3 Bg7 23. Rcd1 Red8 24. c4 dxc4 25. Rxd8+ Rxd8 26. bxc4 bxc4 27. Nxc4 Nd5 28. Be5 Rc8 29. Nfd2 Nd4 30. Re4 Nc2 31. Nd6 Nc3 32. Nxc8 Nxe4 33. Ne7+ Kf8 34. Bxg7+ 1-0